000
00239nam a22001097a 4500
999
_c
260968
_d
260967
020
_a
05590439421
100
_a
Suzy Kline
245
_a
Horrible Harry in Room 2B
260
_a
New York
_b
Scholastic
_c
1988
300
_a
56 pgs
942
_c
BK